000 01096nam a2200265 a 4500
001 000041281
005 20201002034743.0
008 130927s1984 sp 001 0 spa d
020 _a840019784
040 _aDO-SdBNP
_bspa
_cBNPHU
100 1 _aCasas, Bartolomé de las,
_d1474-1566
_919931
245 1 0 _aDe regia potestate, o, Derecho de autodeterminación /
_cBartolomé de las Cásas; edición crítica bilingüe Luciano Pereña ... [et al.].
260 _aMadrid :
_bConsejo Superior de Investigaciones Científicas,
_c1984.
300 _av. ;
_c22 cm.
490 1 _aCorpus hispanotum de pace
_v8
500 _aLa biblioteca posee el v. 8
500 _aReimpresión 1984, corregida y aumentada
504 _aIncluye referencia bibliográficas y notas al pie de las páginas
505 0 _gv. 8
_tO derecho de autodeterminación
504 _aBibliografía : p. 381-355
700 1 _aPereña, Luciano,
_d1920-
_933600
700 1 _aPereña, Luciano
_d1920- .
_933600
710 2 _aConsejo Superior de Investigaciones Científicas,
_94786
830 0 _aCorpus hispanotum de pace
_n8
_967895
999 _c40771
_d40771